Fedro

সংরক্ষণ করুন:
গ্রন্থ-পঞ্জীর বিবরন
প্রধান লেখক: Platone
অন্যান্য লেখক: Reale, Giovanni
বিন্যাস: গ্রন্থ
ভাষা:ইংরেজি
প্রকাশিত: Milano Lorenzo Valla 1998
ট্যাগগুলো: ট্যাগ যুক্ত করুন
কোনো ট্যাগ নেই, প্রথমজন হিসাবে ট্যাগ করুন!

MARC

LEADER 00000nam a2200000 4500
003 Arcigay Viterbo
005 20251202195147.0
008 251202b |||||||| |||| 00| 0 eng d
040 |c Arcigay Viterbo 
100 |a Platone 
245 |a Fedro  |c Platone 
260 |a Milano  |b Lorenzo Valla  |c 1998 
700 |a Reale, Giovanni 
942 |2 ddc  |c BK  |n 0 
952 |0 0  |1 0  |2 ddc  |4 0  |6 884_530000000000000_PLA_FED  |7 0  |9 10026  |a VT  |b VT  |d 2025-12-02  |e Dono di Lorenzo Abbate  |i B298  |l 0  |o 884.53 PLA FED  |p B298  |r 2025-12-02 19:53:51  |w 2025-12-02  |y BK  |z Dono di Lorenzo Abbate 
999 |c 8362  |d 8362